Countdown to first certificate (Workbook CD)
Contains extra vocabulary and grammar
Bewaard in:
| Hoofdauteur: | |
|---|---|
| Formaat: | Boek |
| Taal: | Undetermined |
| Gepubliceerd in: |
Oxford
Oxford University Press
2008
|
| Onderwerpen: | |
| Tags: |
Voeg label toe
Geen labels, Wees de eerste die dit record labelt!
|
| Thư viện lưu trữ: | Trung tâm Học liệu Trường Đại học Cần Thơ |
|---|
| LEADER | 00713nam a2200217Ia 4500 | ||
|---|---|---|---|
| 001 | CTU_217791 | ||
| 008 | 210402s9999 xx 000 0 und d | ||
| 082 | |a 428.24 | ||
| 082 | |b D836 | ||
| 100 | |a Duckworth, Michael | ||
| 245 | 0 | |a Countdown to first certificate | |
| 245 | 0 | |b (Workbook CD) | |
| 245 | 0 | |c Michael Duckworth, Kathy Gude, Jenny Quintana | |
| 260 | |a Oxford | ||
| 260 | |b Oxford University Press | ||
| 260 | |c 2008 | ||
| 520 | |a Contains extra vocabulary and grammar | ||
| 650 | |a English language,English language,Tiếng Anh | ||
| 650 | |x Study and teaching,Textbooks for foreign speakers,Dạy và học | ||
| 904 | |i Nguyên | ||
| 980 | |a Trung tâm Học liệu Trường Đại học Cần Thơ | ||